| 000 | 00663nam a22002177a 4500 | ||
|---|---|---|---|
| 003 | UA-OsUOA | ||
| 001 | 83319 | ||
| 007 | ta | ||
| 008 | 20120409b un ||||| |||| 00| 0 ukr d | ||
| 100 | _aГульчук О. | ||
| 090 |
_a82 _bГ94 |
||
| 942 | _cSA | ||
| 040 |
_aUA-OsUOA _bukr _cUA-OsUOA _dUA-OsUOA |
||
| 245 | _a"... І в хаосі творить скарби": античні образи й мотиви в поетичній інтерпритації Павла Тичини | ||
| 300 | _aС.88-102 | ||
| 955 | _a0 | ||
| 041 | _aukr | ||
| 080 | _a82 | ||
| 773 | 0 | _w83311 | |
| 650 | 7 |
_a82 Література. Літературознавство _2UDC |
|
| 999 |
_c369637 _d369637 |
||